| 000 | 00569nam a22001937a 4500 | ||
|---|---|---|---|
| 005 | 20170703150312.0 | ||
| 008 | 170703b xxu||||| |||| 00| 0 eng d | ||
| 020 |
_a0007108222 _c₹ 100.00 |
||
| 040 | _aLoreto College | ||
| 041 | _aEnglish | ||
| 082 |
_a658.402 _bBLA |
||
| 100 | _aBlanchard,Ken | ||
| 245 |
_aHigh Five! _bthe magic of working together _cKen Blanchard, Sheldon Bowles and Don Carew... [et all] |
||
| 260 |
_aLondon _bHarper Collins Publishers _c2001 |
||
| 300 |
_a201p. _b20cm |
||
| 650 | _aTeams in the workplace | ||
| 850 | _aLCLIB | ||
| 942 | _cBK | ||
| 999 |
_c41102 _d91581 |
||